Η εικόνα του παιδιού στην ελληνική τηλεόραση και στον ελληνικό τύπο : εμπειρική έρευνα
Saved in:
| Main Author: | |
|---|---|
| Format: | Book |
| Language: | Greek |
| Published: |
Αθήνα :
Gutenberg,
1997.
|
| Subjects: | |
| Tags: |
Add Tag
No Tags, Be the first to tag this record!
|
MARC
| LEADER | 00000cam a2200000 i 4500 | ||
|---|---|---|---|
| 001 | 1/535 | ||
| 008 | 000404s1997 gr | ||| |||| ||gre|| | ||
| 020 | |a 9600106711 | ||
| 035 | |l 10059695 | ||
| 040 | |a GR-MyUa |b gre |e AACR2 | ||
| 041 | 0 | |a gre | |
| 082 | 7 | |a 302.23083 |2 (22) | |
| 100 | 1 | |a Δουλκέρη, Τέσσα. | |
| 245 | 1 | 2 | |a Η εικόνα του παιδιού στην ελληνική τηλεόραση και στον ελληνικό τύπο : |b εμπειρική έρευνα / |c Τέσσα Δουλκέρη. |
| 260 | |a Αθήνα : |b Gutenberg, |c 1997. | ||
| 300 | |a 181 σ. ; |c 21 εκ. | ||
| 650 | 0 | 0 | |a Television and children |z Greece. |
| 650 | 0 | 0 | |a Television programs for children |z Greece. |
| 650 | 0 | 0 | |a Television advertising and children |z Greece. |
| 650 | 0 | 0 | |a Newspapers and children |z Greece. |
| 650 | 0 | 0 | |a Radio and children |z Greece. |
| 650 | 0 | 0 | |a Advertising and children |z Greece. |
| 852 | |a INST |b RHODES |e 20000404 |h 302.23083 ΔΟΥ |p 005400013635 |q 005400013635 |t BK |y 0 | ||
| 901 | |a BIBL4-2000-1 | ||
| 922 | |a 4ΕΛΗ |b 200003 |c 94 |d ΠΑΠΑΣΩΤΗΡΙΟΥ | ||
| 970 | |z 2000/04/04 | ||